Most Centralized US Metro Areas - Statistics

General Stats
  • This quiz has been taken 24 times
  • The average score is 8 of 13
Answer Stats
% in Main City Metro Area % Correct
41.41% New York
91%
41.65% Indianapolis
73%
57.47% San Antonio
73%
78.46% El Paso
68%
49.45% Oklahoma City
68%
56.00% Jacksonville
64%
42.38% San Diego
64%
61.18% Albuquerque
59%
42.69% Columbus
59%
46.93% Louisville
55%
54.54% Fresno
50%
45.67% Memphis
50%
53.10% Tucson
45%
No matching quizzes found
Score Distribution
Percent of People with Each Score
Percentile by Number Answered
Your Score History
You have not taken this quiz